| 000 | 00563nam a2200193 i 4500 | ||
|---|---|---|---|
| 001 | bg | ||
| 100 | 1 | _aGAMBIN, Wiktor | |
| 245 | 0 |
_aMacierz sztywności elementu z osobliwym gradientem funkcji kształtu / _cWiktor Gambin. |
|
| 260 |
_aWarszawa : _b[Instytut Podstawowych Problemów Techniki PAN], _c1979. |
||
| 300 |
_as. 13 : _brys. |
||
| 490 | 1 |
_aPrace IPPT ; _vNr 64 |
|
| 500 | _a[Na prawach rpsu]. | ||
| 830 | _aPrace IPPT ; | ||
| 040 | _cBPK | ||
| 041 | _apol | ||
| 080 | _a539.3/.6:512.64 | ||
| 942 | _cKS | ||
| 008 | s pl f |000 0 pol | ||
| 999 |
_c21334 _d21334 |
||
| 856 |
_uhttp://koha.tu.koszalin.pl/cgi-bin/koha/opac-detail.pl?biblionumber=21334 _yKatalog online BPK |
||